| Tag |
First Indicator |
Second Indicator |
Subfields |
| LEADER |
00000cam a2200000 4500 |
| 001 |
in00000156713 |
| 005 |
20151008070033.0 |
| 008 |
730208s1948 nyua 00000 eng |
| 010 |
|
|
|a 48011868
|
| 035 |
|
|
|a (OCoLC)00555268
|
| 035 |
|
|
|9 AAS1848AM
|
| 040 |
|
|
|c CSU
|d TXA
|d UtOrBLW
|
| 049 |
|
|
|a TXAM
|c [168417]
|
| 050 |
0 |
0 |
|a HF5438
|b .R754
|
| 082 |
0 |
|
|a 658.8
|
| 100 |
1 |
|
|a Roth, Charles B.
|
| 245 |
1 |
0 |
|a Stimulating salesmen successfully.
|
| 264 |
|
1 |
|a New York :
|b Prentice-Hall,
|c 1948.
|
| 300 |
|
|
|a xi, 348 pages :
|b illustrations ;
|c 22 cm.
|
| 336 |
|
|
|a text
|b txt
|2 rdacontent
|
| 337 |
|
|
|a unmediated
|b n
|2 rdamedia
|
| 338 |
|
|
|a volume
|b nc
|2 rdacarrier
|
| 650 |
|
0 |
|a Selling.
|
| 999 |
|
|
|a MARS
|
| 999 |
f |
f |
|s 72c56cbc-f874-3b2d-a772-6afc69a336b3
|i f4c62318-39b1-3d55-a7a5-7b99cd68f5cf
|t 0
|
| 952 |
f |
f |
|p normal
|a Texas A&M University
|b College Station
|c Sterling C. Evans Library
|d Evans: Library Stacks
|t 0
|e HF5438 .R754
|h Library of Congress classification
|i unmediated -- volume
|m A14802800584
|
| 998 |
f |
f |
|a HF5438 .R754
|t 0
|l Evans: Library Stacks
|